[Event "ENCI Limburg-open B"]
[Site "Maastricht"]
[Date "2008.05.11"]
[Round "5"]
[White "Ghafuri, Asef"]
[Black "Hodenius, Frans"]
[Result "1-0"]
[WhiteElo "1765"]
[BlackElo "1590"]
[PlyCount "89"]
[EventDate "2008.05.09"]
[EventType "swiss"]
[EventRounds "7"]
[EventCountry "NED"]
[Source "P.Boonen"]
[SourceDate "2010.01.01"]

1. e4 d6 2. d4 Nf6 3. Bd3 g6 4. Ne2 e5 5. c3 Bg7 6. Be3 Ng4 7. Bc1 f5 8. h3 Nf6
9. Bg5 h6 10. Bxf6 Qxf6 11. Nd2 Nc6 12. d5 Ne7 13. Qb3 O-O 14. O-O f4 15. c4 b6
16. Qd1 Bxh3 17. gxh3 Qh4 18. Kh2 Qh5 19. Ng1 Qg5 20. Ndf3 Qf6 21. Kh1 g5 22.
Nh2 Qg6 23. Qf3 h5 24. Rae1 Bf6 25. Bc2 Kf7 26. Ba4 Rad8 27. Ne2 Rh8 28. Rg1
Qh6 29. Kg2 Ng6 30. Kf1 Ke7 31. Nc3 a6 32. Ke2 Rdg8 33. Bc6 Kd8 34. Bb7 a5 35.
Nb5 Rg7 36. Na7 Rf7 37. Bc8 c6 38. Qb3 Rxa7 39. Qxb6+ Rc7 40. Be6 Ne7 41. dxc6
Qf8 42. Qb8+ Nc8 43. Rd1 Qe7 44. Bxc8 Rxc8 45. Rxd6+ 1-0

[Event "ENCI Limburg-open B"]
[Site "Maastricht"]
[Date "2008.05.11"]
[Round "5"]
[White "Gheury, Jean Marie"]
[Black "De Lange, Gerard"]
[Result "1-0"]
[WhiteElo "1867"]
[BlackElo "1611"]
[PlyCount "67"]
[EventDate "2008.05.09"]
[EventType "swiss"]
[EventRounds "7"]
[EventCountry "NED"]
[Source "P.Boonen"]
[SourceDate "2010.01.01"]

1. d4 d5 2. Bf4 g6 3. e3 Bg7 4. c4 e6 5. Nc3 Ne7 6. Nf3 O-O 7. Rc1 c6 8. Be2
Nd7 9. O-O Nf6 10. h3 Ne4 11. b4 Bd7 12. c5 b6 13. Qb3 h6 14. Rfd1 g5 15. Bh2
Ng6 16. Nxe4 dxe4 17. Nd2 f5 18. f3 exf3 19. Bxf3 Kh8 20. Bd6 Rf6 21. e4 Ne7
22. Bxe7 Qxe7 23. e5 Rff8 24. cxb6 axb6 25. Bxc6 Rad8 26. Nf1 f4 27. Nh2 h5 28.
Qf3 Qf7 29. b5 Kh7 30. Qe4+ Kh6 31. Bxd7 Rxd7 32. Rc6 Rd5 33. Qxd5 Kh7 34. Qxe6
1-0

[Event "ENCI Limburg-open B"]
[Site "Maastricht"]
[Date "2008.05.11"]
[Round "5"]
[White "Glasbeek, Steven"]
[Black "Sanders, Catheleijne"]
[Result "1-0"]
[WhiteElo "1660"]
[BlackElo "1285"]
[PlyCount "57"]
[EventDate "2008.05.09"]
[EventType "swiss"]
[EventRounds "7"]
[EventCountry "NED"]
[Source "P.Boonen"]
[SourceDate "2010.01.01"]

1. e4 e5 2. Nf3 Nc6 3. Bb5 Nf6 4. O-O Bc5 5. c3 Nxe4 6. Qe2 Nf6 7. d4 Bb6 8.
dxe5 Qe7 9. exf6 Qxe2 10. Bxe2 gxf6 11. Bh6 d6 12. Re1 a6 13. Bg7 Rg8 14. Bxf6
Rb8 15. Bc4+ Be6 16. Ng5 Nd8 17. Nd2 h6 18. Nh7 Kd7 19. Bxd8 Kxd8 20. Bxe6 fxe6
21. Rxe6 Kd7 22. Rae1 Kc6 23. b4 a5 24. a4 Rg7 25. Nf6 Rf7 26. Nb3 axb4 27.
cxb4 Ba7 28. b5+ Kb6 29. Nd5# 1-0

[Event "ENCI Limburg-open B"]
[Site "Maastricht"]
[Date "2008.05.11"]
[Round "5"]
[White "Gransier, Theo"]
[Black "Debusschere, Helmuth"]
[Result "0-1"]
[WhiteElo "1584"]
[BlackElo "1815"]
[PlyCount "94"]
[EventDate "2008.05.09"]
[EventType "swiss"]
[EventRounds "7"]
[EventCountry "NED"]
[Source "P.Boonen"]
[SourceDate "2010.01.01"]

1. f4 Nf6 2. Nf3 g6 3. e3 Bg7 4. Bd3 O-O 5. O-O d6 6. Nc3 Nbd7 7. b3 c6 8. Bb2
b5 9. Rb1 a5 10. Ne4 a4 11. b4 Bb7 12. a3 h6 13. Bd4 Ba6 14. Rc1 Rc8 15. Ba1
Qb6 16. Kh1 c5 17. bxc5 dxc5 18. c4 bxc4 19. Nxf6+ Nxf6 20. Bxc4 Bxc4 21. Rxc4
Qb3 22. Rc3 Qxd1 23. Rxd1 Ne4 24. Rdc1 Nxc3 25. Bxc3 Bxc3 26. Rxc3 c4 27. Nd4
Rfd8 28. g3 Kg7 29. g4 Kf6 30. Kg2 e5 31. fxe5+ Kxe5 32. Nf3+ Ke4 33. Kf2 Rd3
34. Ke2 Rxc3 35. dxc3 Rb8 36. Nd2+ Kd5 37. Kd1 Rb2 38. Kc1 Ra2 39. h3 h5 40.
e4+ Kc5 41. e5 Rxa3 42. Kb2 Rb3+ 43. Kc2 Kd5 44. Nf3 Rb8 45. Nd4 a3 46. Kc1 a2
47. Nc2 Rb1+ 0-1

[Event "ENCI Limburg-open B"]
[Site "Maastricht"]
[Date "2008.05.11"]
[Round "5"]
[White "Gunther, Justin"]
[Black "Hoogland, Bauke"]
[Result "1-0"]
[WhiteElo "1752"]
[BlackElo "1838"]
[PlyCount "83"]
[EventDate "2008.05.09"]
[EventType "swiss"]
[EventRounds "7"]
[EventCountry "NED"]
[Source "P.Boonen"]
[SourceDate "2010.01.01"]

1. e4 d5 2. exd5 Nf6 3. d4 Nxd5 4. c4 Nb6 5. Nc3 Bf5 6. Bf4 e6 7. Nf3 Be7 8.
Be2 Nc6 9. O-O g5 10. Be3 Bf6 11. d5 Ne5 12. Nxe5 Bxe5 13. Bd4 Qf6 14. Bxe5
Qxe5 15. dxe6 Bxe6 16. Bf3 c6 17. Re1 Qg7 18. c5 Rd8 19. Qc2 Nd7 20. Bg4 Nxc5
21. Ne4 O-O 22. Qxc5 Bxg4 23. Qxa7 f6 24. Qe3 Kh8 25. f3 Bc8 26. Rad1 Rxd1 27.
Rxd1 Re8 28. Qc3 Be6 29. Qxf6 Qxf6 30. Nxf6 Rb8 31. Ne4 g4 32. fxg4 Bxa2 33.
Nc5 b6 34. Ne4 Re8 35. Nf6 Re2 36. Rd7 Bb1 37. h4 Rxb2 38. h5 h6 39. g5 Bf5 40.
Re7 Rb1+ 41. Kh2 Rd1 42. g6 1-0

[Event "ENCI Limburg-open B"]
[Site "Maastricht"]
[Date "2008.05.11"]
[Round "5"]
[White "Gunther, Marcella"]
[Black "Pijlman, Rene"]
[Result "0-1"]
[WhiteElo "1628"]
[BlackElo "1868"]
[PlyCount "44"]
[EventDate "2008.05.09"]
[EventType "swiss"]
[EventRounds "7"]
[EventCountry "NED"]
[Source "P.Boonen"]
[SourceDate "2010.01.01"]

1. e4 c5 2. Nf3 Nc6 3. c3 d5 4. exd5 Qxd5 5. d4 cxd4 6. cxd4 e5 7. dxe5 Qxd1+
8. Kxd1 Bc5 9. Bf4 Bxf2 10. Bc4 Bf5 11. Nbd2 Nge7 12. Ke2 Bb6 13. h3 O-O 14. g4
Bg6 15. h4 h5 16. gxh5 Bxh5 17. Raf1 Ng6 18. Bg3 Ngxe5 19. Bd5 Nd4+ 20. Kd1
Nexf3 21. Bxf3 Nxf3 22. Nxf3 Rfd8+ 0-1

[Event "ENCI Limburg-open B"]
[Site "Maastricht"]
[Date "2008.05.11"]
[Round "5"]
[White "Hebels, Alex"]
[Black "Kalkman De Koster, Franzke"]
[Result "0-1"]
[WhiteElo "1146"]
[BlackElo "1390"]
[PlyCount "30"]
[EventDate "2008.05.09"]
[EventType "swiss"]
[EventRounds "7"]
[EventCountry "NED"]
[Source "P.Boonen"]
[SourceDate "2010.01.01"]

1. c4 c5 2. g3 e6 3. Bg2 d5 4. cxd5 exd5 5. Nc3 Nf6 6. d4 h6 7. dxc5 Bxc5 8.
Nxd5 O-O 9. Nxf6+ Qxf6 10. e3 Bb4+ 11. Kf1 Rd8 12. Qb3 Nc6 13. e4 Be6 14. Qf3
Bc4+ 15. Ne2 Rd1# 0-1

[Event "ENCI Limburg-open B"]
[Site "Maastricht"]
[Date "2008.05.11"]
[Round "5"]
[White "Heijenrath, Jan"]
[Black "Schrijvers, Kees"]
[Result "0-1"]
[WhiteElo "1821"]
[BlackElo "1655"]
[PlyCount "154"]
[EventDate "2008.05.09"]
[EventType "swiss"]
[EventRounds "7"]
[EventCountry "NED"]
[Source "P.Boonen"]
[SourceDate "2010.01.01"]

1. d4 d5 2. Nf3 c6 3. c4 e6 4. Nc3 Nf6 5. Bg5 Be7 6. e3 O-O 7. Rc1 Nbd7 8. Bd3
g6 9. O-O dxc4 10. Bxc4 Nb6 11. Bb3 Nbd5 12. Qe2 Nxc3 13. bxc3 Nd5 14. Bh6 Re8
15. e4 Nf6 16. h3 Bf8 17. Bxf8 Rxf8 18. Qe3 Kg7 19. c4 a5 20. e5 Ng8 21. c5 Ne7
22. Qg5 Nf5 23. Qxd8 Rxd8 24. Rc4 b5 25. Rcc1 a4 26. Bc2 Nxd4 27. Nxd4 Rxd4 28.
Rfd1 Rc4 29. Bb1 Rxc1 30. Rxc1 Ra7 31. Be4 Bd7 32. Rd1 Kf8 33. Rd6 Rc7 34. Kf1
b4 35. Bc2 Ra7 36. Bxa4 Rxa4 37. Rxd7 Rxa2 38. Rb7 Rb2 39. Rb6 b3 40. g3 g5 41.
g4 Rb1+ 42. Kg2 b2 43. Kh2 Ke7 44. Rb7+ Kd8 45. Kg2 Kc8 46. Rb6 Kc7 47. Kh2 h6
48. Kg2 Rc1 49. Rxb2 Rxc5 50. Re2 Kb6 51. Kf3 Kb5 52. Ke4 Rc4+ 53. Kd3 Rb4 54.
f3 c5 55. Kc3 Kc6 56. Rd2 Kc7 57. Ra2 Rf4 58. Rf2 Kc6 59. Kd3 Kd5 60. Ke3 Kc4
61. h4 Kb3 62. hxg5 hxg5 63. Rf1 Kb2 64. Rf2+ Kb3 65. Rf1 c4 66. Rb1+ Kc2 67.
Rb7 c3 68. Ke2 Kc1 69. Rb3 Kc2 70. Rb7 Kc1 71. Rb3 c2 72. Rb7 Rd4 73. Rxf7 Rd2+
74. Ke1 Rd1+ 75. Ke2 Kb2 76. Rb7+ Ka3 77. Ra7+ Kb4 0-1

[Event "ENCI Limburg-open B"]
[Site "Maastricht"]
[Date "2008.05.11"]
[Round "5"]
[White "Heijltjes, Thijs"]
[Black "Chan, Alexander"]
[Result "1/2-1/2"]
[WhiteElo "1446"]
[BlackElo "1259"]
[PlyCount "59"]
[EventDate "2008.05.09"]
[EventType "swiss"]
[EventRounds "7"]
[EventCountry "NED"]
[Source "P.Boonen"]
[SourceDate "2010.01.01"]

1. e4 c5 2. Nf3 d6 3. Be2 Nf6 4. d3 g6 5. Bd2 Bg7 6. Bc3 Nc6 7. Nbd2 b5 8. O-O
O-O 9. Bxf6 Bxf6 10. c3 Rb8 11. Qc2 Be6 12. Rac1 Bg7 13. a3 a5 14. Rfe1 Qc7 15.
d4 Bd7 16. Nb3 c4 17. Nbd2 e5 18. dxe5 Nxe5 19. Nxe5 Bxe5 20. Nf3 Bg7 21. Bf1
Bh6 22. Rcd1 Bg4 23. Be2 Rfe8 24. Nd4 Bd7 25. Bf3 Bf4 26. g3 Be5 27. Bg2 Bg4
28. Bf3 Bd7 29. Bg2 Bg4 30. Bf3 1/2-1/2

[Event "ENCI Limburg-open B"]
[Site "Maastricht"]
[Date "2008.05.11"]
[Round "5"]
[White "Herzet, Serge"]
[Black "Woudsma, Ron"]
[Result "1/2-1/2"]
[WhiteElo "1856"]
[BlackElo "1607"]
[PlyCount "114"]
[EventDate "2008.05.09"]
[EventType "swiss"]
[EventRounds "7"]
[EventCountry "NED"]
[Source "P.Boonen"]
[SourceDate "2010.01.01"]

1. e4 Nf6 2. Nc3 d5 3. e5 Ne4 4. Nf3 Bg4 5. Be2 Nxc3 6. dxc3 e6 7. O-O Be7 8.
Qd4 Bxf3 9. Bxf3 Nc6 10. Qe3 O-O 11. Rd1 h6 12. Qe2 Bg5 13. c4 Bxc1 14. Raxc1
Qg5 15. cxd5 Nd4 16. Qe4 Nxf3+ 17. Qxf3 Qxe5 18. dxe6 Qxe6 19. c4 c6 20. g3
Rad8 21. Re1 Qd6 22. Qb3 Qc7 23. Re3 Rfe8 24. Rce1 Rxe3 25. Qxe3 a6 26. b4 Kf8
27. Qc5+ Qd6 28. Qb6 Qd7 29. a3 Re8 30. Qc5+ Kg8 31. Re3 Rxe3 32. Qxe3 Kf8 33.
Qc5+ Kg8 34. h4 f6 35. Qe3 Kf7 36. Kg2 Qe6 37. Qd3 f5 38. Kf3 g5 39. hxg5 hxg5
40. Kg2 g4 41. Kf1 Kf6 42. Qd4+ Qe5 43. Qd8+ Qe7 44. Qg8 Qf7 45. Qh8+ Qg7 46.
Qb8 Qd7 47. Qh8+ Qg7 48. Qxg7+ Kxg7 49. Ke2 Kf6 50. Ke3 Ke5 51. c5 Kd5 52. Kf4
Ke6 53. Ke3 Ke5 54. f3 gxf3 55. Kxf3 Kd5 56. Ke3 Ke5 57. Kf3 Kd5 1/2-1/2

[Event "ENCI Limburg-open B"]
[Site "Maastricht"]
[Date "2008.05.11"]
[Round "5"]
[White "Heuts, Guido"]
[Black "Erin, Igor"]
[Result "0-1"]
[WhiteElo "1498"]
[BlackElo "1703"]
[PlyCount "58"]
[EventDate "2008.05.09"]
[EventType "swiss"]
[EventRounds "7"]
[EventCountry "NED"]
[Source "P.Boonen"]
[SourceDate "2010.01.01"]

1. d4 Nf6 2. c4 e5 3. d5 Bc5 4. Bg5 Ne4 5. Be3 Bxe3 6. fxe3 Qf6 7. Nf3 g5 8.
Qc2 Qf5 9. Nc3 Nd6 10. e4 Qf6 11. O-O-O Nxc4 12. Qd3 Nd6 13. Nd2 Na6 14. Nb5
Nxb5 15. Qxb5 Qb6 16. Qxb6 axb6 17. a3 d6 18. Nb3 Nc5 19. Nxc5 bxc5 20. e3 Bg4
21. Rd2 Ke7 22. h3 Bh5 23. g4 Bg6 24. Bg2 Ra4 25. Rf1 Bxe4 26. Bxe4 Rxe4 27.
Rdf2 Rf8 28. Rf5 Rxe3 29. Rxg5 Rxh3 0-1

[Event "ENCI Limburg-open B"]
[Site "Maastricht"]
[Date "2008.05.11"]
[Round "5"]
[White "Hollands, Maxim"]
[Black "Klokgieters, Dick"]
[Result "1-0"]
[WhiteElo "1704"]
[BlackElo "1523"]
[PlyCount "47"]
[EventDate "2008.05.09"]
[EventType "swiss"]
[EventRounds "7"]
[EventCountry "NED"]
[Source "P.Boonen"]
[SourceDate "2010.01.01"]

1. d4 d5 2. c4 dxc4 3. Nf3 e6 4. Ne5 Bd6 5. Nxc4 Ne7 6. Nc3 Nd5 7. e4 Nxc3 8.
bxc3 O-O 9. Bd3 f5 10. O-O fxe4 11. Bxe4 Bxh2+ 12. Kxh2 Qh4+ 13. Kg1 Qxe4 14.
Ba3 Rf5 15. Qa4 Nc6 16. Rae1 Qh4 17. Ne5 Rh5 18. f3 Qh2+ 19. Kf2 Rg5 20. Rg1
Rxe5 21. dxe5 Bd7 22. Rh1 Qxh1 23. Rxh1 Nxe5 24. Qd4 1-0

[Event "ENCI Limburg-open B"]
[Site "Maastricht"]
[Date "2008.05.11"]
[Round "5"]
[White "Ingelaere, Arthur"]
[Black "Kers, Kyra Tiana"]
[Result "0-1"]
[WhiteElo "986"]
[BlackElo "1385"]
[PlyCount "46"]
[EventDate "2008.05.09"]
[EventType "swiss"]
[EventRounds "7"]
[EventCountry "NED"]
[Source "P.Boonen"]
[SourceDate "2010.01.01"]

1. e4 e5 2. Nf3 Nc6 3. Bc4 Bc5 4. d3 Nf6 5. Nc3 d6 6. Bg5 Na5 7. Nd5 c6 8.
Nxf6+ gxf6 9. Bd2 Nxc4 10. dxc4 Bg4 11. O-O Qd7 12. h3 Bxh3 13. gxh3 Qxh3 14.
Nh2 Rg8+ 15. Ng4 Rxg4+ 16. Qxg4 Qxg4+ 17. Kh1 Qxe4+ 18. Kg1 O-O-O 19. Rfe1 Rg8+
20. Kf1 Qg2+ 21. Ke2 Qxf2+ 22. Kd3 Rg3+ 23. Ke4 f5# 0-1

[Event "ENCI Limburg-open B"]
[Site "Maastricht"]
[Date "2008.05.11"]
[Round "5"]
[White "Ingelaere, Frederic"]
[Black "Vandersmissen, Hans"]
[Result "1/2-1/2"]
[WhiteElo "1691"]
[BlackElo "1530"]
[PlyCount "28"]
[EventDate "2008.05.09"]
[EventType "swiss"]
[EventRounds "7"]
[EventCountry "NED"]
[Source "P.Boonen"]
[SourceDate "2010.01.01"]

1. e4 d5 2. exd5 Nf6 3. Nf3 Nxd5 4. d4 Bg4 5. h3 Bh5 6. Be2 e6 7. O-O c6 8. Ne5
Bxe2 9. Qxe2 Nd7 10. c4 N5b6 11. Bf4 Nf6 12. Rd1 Bb4 13. a3 Be7 14. Nc3 O-O
1/2-1/2

[Event "ENCI Limburg-open B"]
[Site "Maastricht"]
[Date "2008.05.11"]
[Round "5"]
[White "Ingelaere, Tijl"]
[Black "Augustin, Petr"]
[Result "0-1"]
[WhiteElo "1150"]
[BlackElo "1175"]
[PlyCount "28"]
[EventDate "2008.05.09"]
[EventType "swiss"]
[EventRounds "7"]
[EventCountry "NED"]
[Source "P.Boonen"]
[SourceDate "2010.01.01"]

1. e4 e5 2. Nf3 Nc6 3. Bb5 Nf6 4. O-O a6 5. Ba4 Nxe4 6. d4 exd4 7. Re1 d5 8.
Nxd4 Bd7 9. Nxc6 Bxc6 10. Bxc6+ bxc6 11. f3 Bc5+ 12. Kh1 O-O 13. fxe4 Qh4 14.
Qf3 Qxe1+ 0-1

[Event "ENCI Limburg-open B"]
[Site "Maastricht"]
[Date "2008.05.11"]
[Round "5"]
[White "Klees, Robert"]
[Black "Orbons, Richard"]
[Result "0-1"]
[WhiteElo "1239"]
[BlackElo "1662"]
[PlyCount "42"]
[EventDate "2008.05.09"]
[EventType "swiss"]
[EventRounds "7"]
[EventCountry "NED"]
[Source "P.Boonen"]
[SourceDate "2010.01.01"]

1. d4 g6 2. e4 Bg7 3. Nf3 d6 4. Bc4 c6 5. Bf4 Nf6 6. Nc3 O-O 7. O-O b5 8. Bb3
b4 9. e5 Nh5 10. Ne2 Nxf4 11. Nxf4 d5 12. Nd3 Ba6 13. Re1 Bxd3 14. Qxd3 a5 15.
a4 e6 16. Qd2 Nd7 17. Rac1 c5 18. c3 Qb6 19. Qe3 bxc3 20. Qxc3 cxd4 21. Qxd4
Qxb3 0-1

[Event "ENCI Limburg-open B"]
[Site "Maastricht"]
[Date "2008.05.11"]
[Round "5"]
[White "Knof, Henrike"]
[Black "Chappin, Rene"]
[Result "1/2-1/2"]
[WhiteElo "1422"]
[BlackElo "1700"]
[PlyCount "34"]
[EventDate "2008.05.09"]
[EventType "swiss"]
[EventRounds "7"]
[EventCountry "NED"]
[Source "P.Boonen"]
[SourceDate "2010.01.01"]

1. e4 e6 2. d4 d5 3. exd5 exd5 4. Nf3 Bg4 5. h3 Bh5 6. Be2 Nf6 7. Bg5 Be7 8.
O-O O-O 9. Re1 Ne4 10. Bxe7 Qxe7 11. Nbd2 Qd6 12. Nxe4 dxe4 13. Ng5 Bg6 14. Bh5
Qd5 15. Bxg6 fxg6 16. Nxe4 Nc6 17. c3 Rae8 1/2-1/2

[Event "ENCI Limburg-open B"]
[Site "Maastricht"]
[Date "2008.05.11"]
[Round "5"]
[White "Koehorst, Andre"]
[Black "Robinson, Roland"]
[Result "1-0"]
[WhiteElo "1553"]
[BlackElo "1768"]
[PlyCount "73"]
[EventDate "2008.05.09"]
[EventType "swiss"]
[EventRounds "7"]
[EventCountry "NED"]
[Source "P.Boonen"]
[SourceDate "2010.01.01"]

1. d4 f5 2. c4 Nf6 3. Nc3 g6 4. g3 Bg7 5. Bg2 O-O 6. Qb3 c6 7. Bf4 h6 8. h4 Kh8
9. O-O-O d6 10. f3 Qe8 11. e4 e5 12. dxe5 dxe5 13. Bg5 hxg5 14. hxg5+ Nh7 15.
Rh2 Rf7 16. exf5 Bxf5 17. Bh3 Bxh3 18. Rxh3 Na6 19. Ne4 Qg8 20. Ne2 Raf8 21. g4
Rd8 22. Rdh1 Rfd7 23. f4 Rf8 24. f5 Rdf7 25. Rxh7+ Qxh7 26. Rxh7+ Kxh7 27. Qh3+
Kg8 28. fxg6 Rf1+ 29. Kd2 Rd8+ 30. Ke3 Rfd1 31. Nf6+ Kf8 32. Kf2 R1d3 33. Qh7
Nc5 34. Qg8+ Ke7 35. Qxg7+ Kd6 36. b4 Na4 37. Ne4+ 1-0

[Event "ENCI Limburg-open B"]
[Site "Maastricht"]
[Date "2008.05.11"]
[Round "5"]
[White "Krug, Franz Dieter"]
[Black "De Ridder, Naomi"]
[Result "1-0"]
[WhiteElo "1457"]
[BlackElo "1302"]
[PlyCount "59"]
[EventDate "2008.05.09"]
[EventType "swiss"]
[EventRounds "7"]
[EventCountry "NED"]
[Source "P.Boonen"]
[SourceDate "2010.01.01"]

1. d4 d5 2. Nf3 Nc6 3. c4 Nf6 4. h3 Bf5 5. Nc3 e6 6. cxd5 exd5 7. a3 Ne4 8. Bf4
Nxc3 9. bxc3 Na5 10. e3 c5 11. Bb5+ Bd7 12. Qa4 Nc6 13. O-O a6 14. Bxc6 Bxc6
15. Qc2 Bb5 16. Rfe1 Rc8 17. Qf5 Be7 18. Ng5 Bxg5 19. Bxg5 f6 20. Qe6+ Kf8 21.
Bf4 Rc6 22. Qg4 cxd4 23. cxd4 Kf7 24. Rab1 Rc3 25. a4 Bc6 26. Rb4 Ra3 27. Reb1
Qa5 28. Rxb7+ Bxb7 29. Rxb7+ Ke8 30. Qd7+ 1-0

[Event "ENCI Limburg-open B"]
[Site "Maastricht"]
[Date "2008.05.11"]
[Round "5"]
[White "Kukhianidze, Nadia"]
[Black "Bravo, Fabio"]
[Result "0-1"]
[WhiteElo "1248"]
[BlackElo "1665"]
[PlyCount "58"]
[EventDate "2008.05.09"]
[EventType "swiss"]
[EventRounds "7"]
[EventCountry "NED"]
[Source "P.Boonen"]
[SourceDate "2010.01.01"]

1. Nf3 d5 2. d4 Nf6 3. e3 g6 4. c4 c6 5. Nc3 Bg7 6. Bd3 O-O 7. O-O Nbd7 8. Qc2
b6 9. cxd5 cxd5 10. Re1 Bb7 11. Qd2 Rc8 12. e4 dxe4 13. Nxe4 Nb8 14. Ng3 Nc6
15. a3 e6 16. Qe2 Nxd4 17. Nxd4 Qxd4 18. Be3 Qd7 19. Rad1 Qc6 20. f3 Nd5 21.
Be4 Qa4 22. Rd2 Ba6 23. Qf2 Nxe3 24. Qxe3 Rfd8 25. Rxd8+ Rxd8 26. Ne2 Bxb2 27.
Kh1 Rd1 28. Nc3 Rxe1+ 29. Qxe1 Bxc3 0-1

[Event "ENCI Limburg-open B"]
[Site "Maastricht"]
[Date "2008.05.11"]
[Round "5"]
[White "Kuster, Edward"]
[Black "Been, Klaas"]
[Result "0-1"]
[WhiteElo "1365"]
[BlackElo "1625"]
[PlyCount "96"]
[EventDate "2008.05.09"]
[EventType "swiss"]
[EventRounds "7"]
[EventCountry "NED"]
[Source "P.Boonen"]
[SourceDate "2010.01.01"]

1. d4 d5 2. c4 e6 3. Nc3 Nf6 4. Bg5 Be7 5. e3 Nbd7 6. Bd3 h6 7. Bf4 O-O 8. Nb5
Ne8 9. a3 c6 10. Nc3 dxc4 11. Bxc4 Bg5 12. Nce2 Nb6 13. Bd3 Nd5 14. Bg3 Nd6 15.
Nf3 Be7 16. O-O f5 17. Ne5 Qe8 18. Nf4 Nxf4 19. Bxf4 g5 20. Bg3 Kg7 21. Be2 Bf6
22. Bh5 Qd8 23. f4 Bxe5 24. dxe5 Ne4 25. Be1 Qb6 26. Qd4 Qxd4 27. exd4 g4 28.
h3 b6 29. hxg4 Rd8 30. gxf5 exf5 31. Rd1 Ba6 32. Bh4 Bxf1 33. Kxf1 Rd5 34. g4
fxg4 35. Bxg4 Rf8 36. f5 c5 37. f6+ Kg6 38. Be6 Rxd4 39. Rxd4 cxd4 40. f7 Ng5
41. Bb3 Kh5 42. e6 Nxe6 43. Bxe6 Kxh4 44. Ke2 Kg5 45. Kd3 Kf6 46. Bd5 Rxf7 47.
Kxd4 Rd7 48. Kc4 Rxd5 0-1

[Event "ENCI Limburg-open B"]
[Site "Maastricht"]
[Date "2008.05.11"]
[Round "5"]
[White "Laan, Kart"]
[Black "Wissink, Sander"]
[Result "0-1"]
[WhiteElo "1541"]
[BlackElo "1894"]
[PlyCount "80"]
[EventDate "2008.05.09"]
[EventType "swiss"]
[EventRounds "7"]
[EventCountry "NED"]
[Source "P.Boonen"]
[SourceDate "2010.01.01"]

1. d4 Nf6 2. c4 g6 3. Nc3 Bg7 4. Nf3 O-O 5. e4 d6 6. Bg5 h6 7. Bf4 c5 8. d5
Nbd7 9. Qd2 Kh7 10. Bd3 Ng4 11. h3 Nge5 12. Nxe5 Nxe5 13. Bxe5 Bxe5 14. f4 Bd4
15. Ne2 Bg7 16. f5 Be5 17. h4 gxf5 18. exf5 f6 19. Nf4 Rg8 20. Ne6 Qb6 21.
O-O-O Bd7 22. Rdg1 Rg3 23. Nf4 Bxf4 24. Qxf4 Rxd3 25. g4 Rd4 26. Qe3 Rxc4+ 27.
Kb1 Qd8 28. Qf3 Qf8 29. Ka1 Qh8 30. Qe2 Bb5 31. Qxe7+ Qg7 32. Qxg7+ Kxg7 33. g5
h5 34. Re1 Rf8 35. Re7+ Rf7 36. Rxf7+ Kxf7 37. g6+ Kg8 38. b3 Rf4 39. Re1 Rxf5
40. Re7 Ba6 0-1

[Event "ENCI Limburg-open B"]
[Site "Maastricht"]
[Date "2008.05.11"]
[Round "5"]
[White "Laarhoven, Marcel"]
[Black "De Jager, Leo"]
[Result "1/2-1/2"]
[WhiteElo "1846"]
[BlackElo "1894"]
[PlyCount "128"]
[EventDate "2008.05.09"]
[EventType "swiss"]
[EventRounds "7"]
[EventCountry "NED"]
[Source "P.Boonen"]
[SourceDate "2010.01.01"]

1. e4 e6 2. d4 d5 3. exd5 exd5 4. Bd3 Nf6 5. Ne2 Be7 6. O-O O-O 7. Re1 Nbd7 8.
Ng3 Re8 9. Nf5 Bf8 10. Rxe8 Qxe8 11. Bf4 g6 12. Ne3 c6 13. h3 Bg7 14. c3 Qe7
15. Nd2 Nf8 16. Be5 Be6 17. f4 N8d7 18. Qf3 Nxe5 19. fxe5 Nd7 20. Rf1 Rf8 21.
Ng4 f6 22. exf6 Nxf6 23. Nxf6+ Rxf6 24. Qe2 Rxf1+ 25. Kxf1 Kf8 26. Nf3 Bc8 27.
Ke1 Qxe2+ 28. Bxe2 Bf6 29. g4 Ke7 30. Kf2 b6 31. Ke3 a5 32. Kf4 Bd7 33. h4 Be8
34. Bd3 Kd6 35. h5 c5 36. g5 Bg7 37. hxg6 Bxg6 38. Bxg6 hxg6 39. dxc5+ Kxc5 40.
Ne5 b5 41. Nxg6 b4 42. cxb4+ Kxb4 43. Ne5 a4 44. g6 a3 45. bxa3+ Kxa3 46. Nc6
Kxa2 47. Nb4+ Kb3 48. Nxd5 Kc4 49. Ne7 Kc5 50. Nf5 Bf6 51. Nh6 Kd5 52. Kf5 Bg7
53. Kg5 Ke6 54. Nf5 Bf6+ 55. Kg4 Bb2 56. Ng3 Bc3 57. Nh5 Bb2 58. Kg5 Bc3 59.
Nf4+ Kd7 60. Nd5 Bg7 61. Nf6+ Ke6 62. Nh5 Bb2 63. Kh6 Ke7 64. Kh7 Kf8 1/2-1/2

[Event "ENCI Limburg-open B"]
[Site "Maastricht"]
[Date "2008.05.11"]
[Round "5"]
[White "Lenaerts, Lennert"]
[Black "Gundogmus, Alaettin"]
[Result "0-1"]
[WhiteElo "1304"]
[BlackElo "1586"]
[PlyCount "152"]
[EventDate "2008.05.09"]
[EventType "swiss"]
[EventRounds "7"]
[EventCountry "NED"]
[Source "P.Boonen"]
[SourceDate "2010.01.01"]

1. e4 c5 2. Nc3 Nc6 3. f4 d6 4. Nf3 g6 5. Bb5 Bd7 6. O-O Bg7 7. d3 Nd4 8. Bxd7+
Qxd7 9. Be3 Nxf3+ 10. Qxf3 Nh6 11. h3 O-O 12. f5 Kh8 13. f6 exf6 14. Nd5 Ng8
15. Qg3 f5 16. exf5 Bxb2 17. fxg6 fxg6 18. Rab1 Be5 19. Bf4 Rf5 20. Bxe5+ Rxe5
21. Nf6 Nxf6 22. Rxf6 Rae8 23. Qf3 Rf5 24. Rxf5 Qxf5 25. Qxf5 gxf5 26. Kf2 Re7
27. Kf3 Kg7 28. Kf4 Kf6 29. c4 b6 30. Kf3 h5 31. h4 Re5 32. Rb3 d5 33. cxd5
Rxd5 34. Ra3 Ke5 35. Ke3 f4+ 36. Kd2 a5 37. Rb3 Rd6 38. Rb5 Kd4 39. Rb3 c4 40.
dxc4 Kxc4+ 41. Ke2 b5 42. Rf3 Rd4 43. Rb3 a4 44. Rf3 b4 45. g3 fxg3 46. Rxg3
Rxh4 47. Rg8 Rh2+ 48. Ke3 Rxa2 49. Rc8+ Kb3 50. Rd8 Rc2 51. Kd3 Rc3+ 52. Ke4 h4
53. Rd1 a3 54. Rb1+ Ka4 55. Kd4 a2 56. Re1 Kb3 57. Rh1 h3 58. Ke4 Kb2 59. Rh2+
Rc2 60. Rxh3 a1=Q 61. Kf4 Qf1+ 62. Rf3 Rc4+ 63. Kg3 Qg1+ 64. Kh3 Qg3+ 65. Kxg3
Rc3 66. Rxc3 bxc3 67. Kf3 c2 68. Ke3 c1=Q+ 69. Kf3 Qc4 70. Ke3 Kc2 71. Kf3 Kd3
72. Kf2 Qe4 73. Kg3 Ke3 74. Kh3 Kf3 75. Kh2 Qc2+ 76. Kh3 Qh7# 0-1

[Event "ENCI Limburg-open B"]
[Site "Maastricht"]
[Date "2008.05.11"]
[Round "5"]
[White "Liston, Mike"]
[Black "Roelofs, Rik"]
[Result "1-0"]
[WhiteElo "1812"]
[BlackElo "1636"]
[PlyCount "139"]
[EventDate "2008.05.09"]
[EventType "swiss"]
[EventRounds "7"]
[EventCountry "NED"]
[Source "P.Boonen"]
[SourceDate "2010.01.01"]

1. e4 c6 2. d4 d5 3. exd5 cxd5 4. Nc3 Nc6 5. Nf3 Bg4 6. Be2 e6 7. O-O Nf6 8. h3
Bh5 9. Bf4 a6 10. a3 Bd6 11. Ne5 Bxe2 12. Nxe2 O-O 13. Ng3 Bxe5 14. dxe5 Nd7
15. Re1 Qa5 16. Qg4 Ne7 17. h4 Ng6 18. Nh5 Kh8 19. Nxg7 Kxg7 20. h5 Rg8 21. Qg5
Kf8 22. Qh6+ Ke8 23. hxg6 Rxg6 24. Qxh7 Nf8 25. Qh3 Qa4 26. Bh6 Qxc2 27. Bxf8
Kxf8 28. Qh8+ Rg8 29. Qh6+ Ke8 30. Qh4 Qg6 31. Qh3 Qg4 32. Re3 Qxh3 33. Rxh3
Ke7 34. Rc1 Rac8 35. Rhc3 Kd7 36. f4 Rxc3 37. Rxc3 Rc8 38. Kf2 Rc6 39. Ke3 Kc7
40. Kd4 Kb6 41. g4 Rc7 42. Rxc7 Kxc7 43. f5 Kd7 44. b3 b6 45. a4 a5 46. Kc3 Ke7
47. b4 axb4+ 48. Kxb4 Kd7 49. a5 bxa5+ 50. Kxa5 Kc6 51. Kb4 d4 52. fxe6 fxe6
53. g5 Kd7 54. Kc4 d3 55. Kxd3 Ke7 56. Ke4 Kf7 57. Kf4 Kg7 58. Kg4 Kg6 59. Kh4
Kf5 60. Kh5 Kxe5 61. g6 Kf4 62. g7 e5 63. g8=Q e4 64. Qg4+ Ke3 65. Kg5 Kd3 66.
Kf4 e3 67. Qf3 Kc2 68. Qxe3 Kb2 69. Qd3 Ka1 70. Qb5 1-0